<?xml version="1.0" encoding="UTF-8"?>
<marc:record xmlns:marc="http://www.loc.gov/MARC21/slim">
   <marc:leader>00000nam a2200000 a 4500</marc:leader>
   <marc:datafield ind1="1" ind2=" " tag="100">
      <marc:subfield code="a">Krämer, Fee</marc:subfield>
      <marc:subfield code="4">aut</marc:subfield>
      <marc:subfield code="e">Verfasser/-in</marc:subfield>
   </marc:datafield>
   <marc:datafield ind1="0" ind2="0" tag="245">
      <marc:subfield code="a">Lieselotte - ein Bauernhof voller Abenteuer</marc:subfield>
   </marc:datafield>
   <marc:datafield ind1="0" ind2="0" tag="245">
      <marc:subfield code="c">die Bilderbuchgeschichten von Alexander Steffensmeier ; nacherzählt von Fee Krämer</marc:subfield>
   </marc:datafield>
   <marc:datafield ind1=" " ind2="1" tag="264">
      <marc:subfield code="a">Frankfurt am Main</marc:subfield>
      <marc:subfield code="b">Fischer Sauerländer</marc:subfield>
   </marc:datafield>
   <marc:datafield ind1="1" ind2=" " tag="520">
      <marc:subfield code="a">Bauernhof-Abenteuer mit der Kuh Lieselotte - Geschichten zum Vorlesen für Kinder, die schon länger zuhören können&#xD;
Warum ist Kuh Lieselotte so eine gute Erschreckerin und lauert so gern dem Postboten auf? Und wie um alles in der Welt ist es passiert, dass Lieselotte beim Versteckspielen hoch oben in der Baumkrone landet? Auch die Schatzsuche auf dem Bauernhof endet sehr überraschend. Während am Abend alle ins Bett gehen wollen, nervt Lieselotte und raubt allen den Schlaf. Und alleine in den Urlaub fahren, ist auch so eine Sache.&#xD;
Diese und noch andere ganz neu ausfürlich und bildhaft erzählte turbulente Lieselotte-Abenteuer stecken in diesem bunten und umfangreichen Vorlesebuch. Für Vorschulkinder ab 5 Jahren, die schon längeren Texten zuhören können.</marc:subfield>
   </marc:datafield>
   <marc:datafield ind1=" " ind2=" " tag="020">
      <marc:subfield code="a">9783737374316</marc:subfield>
      <marc:subfield code="9">9783737374316</marc:subfield>
   </marc:datafield>
   <marc:datafield ind1=" " ind2=" " tag="041">
      <marc:subfield code="a">ger</marc:subfield>
   </marc:datafield>
   <marc:datafield ind1=" " ind2=" " tag="300">
      <marc:subfield code="a">89 Seiten</marc:subfield>
   </marc:datafield>
</marc:record>
